MDQL
is popping MORE tags! Check the
thread
!
Quizzes
Events
Quiz Creation
Community
Videos
Private Events
Remove Ads
Sign In
Join for FREE
Feedback
Dark Mode
Quiz Categories
Sports
Geography
Music
Movies
Television
Just For Fun
Miscellaneous
History
Literature
Language
Science
Gaming
Entertainment
Religion
Holiday
For Kids
Quiz Lab
Recent
Popular Today
Quiz Kudos Today
Editor Picks
Curator Picks
Quizzes by...
Day
Popularity
Type
Ratings
Length
Year
Community
Subscriptions
Recent Discussions
Orange Saloon
Badges
Playlists
Quests
Create
Leaderboards
Showdown
Live 5
Trivia Bingo
Activity
Puzzle Library
Sporcle Events
Private Events
Virtual Trivia
Globe League
Become a Host
Pub Owners
SporcleCon
Opinionation
Our Games
Videos
Blog
Mobile Apps
Partnerships
Remove Ads and Go Orange
Feedback
Music
Pop Music
The Beatles
Song
Album
Lyrics
Bands
Singers
Artist
Clip
Rock
Rap
Classical
Billboard
Country Music
Kpop
Taylor Swift
Music
Pop Music
The Beatles
Song
Album
Lyrics
Bands
Singers
Artist
Clip
Rock
Rap
Classical
Billboard
Country Music
Kpop
Taylor Swift
Random Quiz
Search Sporcle
×
Quiz Lab
Quiz Lab
Music
Song
Type in answers that appear in a list
Type in answers that appear in a list
Classic
Best Score? Go Orange.
Initialed Red Hot Chili Peppers songs Stats
Can you name the Red Hot Chili Peppers songs based on their initials??
By
mschwa1118
9m
25 Questions
368 Plays
368 Plays
368 Plays
Comments
Comments
Give Quiz Kudos
Give Quiz Kudos
-
- Ratings
hide this ad
More Info
Replay
Link that replays current quiz
Next Quiz
Link to next quiz in quiz playlist
You Got
0%
They Got
Avg Score
63%
Avg Friend Score
Upgrade to see
Score Distribution
Jump to the score distribution portion of the page
Score
0/25
Timer
09:00
0
Plays Today
Songs
% Correct
S.(H.O.)
Snow (Hey Oh)
94.6%
C.
Californication
93.8%
U.T.B.
Under the Bridge
90.8%
B.T.W.
By the Way
90.5%
G.I.A.
Give it Away
84.8%
V.Q.
Venice Queen
84%
D.C.
Dani California
83.2%
S.M.K.
Suck My Kiss
71.7%
I.C.D.F.Y.
I Could Die For You
69.3%
C.S.
Can't Stop
68.2%
A.T.W.
Around the World
67.7%
A.
Aeroplane
63.9%
B.T.G.
Breaking the Girl
56.5%
Songs
% Correct
D.
Dosed
53.3%
O.H.M.
One Hot Minute
52.7%
S.T.
Scar Tissue
52.7%
S.T.S.
Soul to Squeeze
51.9%
P.U.
Parallel Universe
51.9%
E.R.
Emit Remmus
50.3%
T.M.B.
Tell me Baby
47%
R.T.
Road Trippin
46.5%
D.F.M.
Don't Forget Me
45.1%
M.F.
My Friends
45.1%
W.T.
Warm Tape
36.1%
T.I.T.P
This is the Place
34.5%
Quiz Playlist
Details
Report
Send in Message
Add To Playlist
More Info:
Figure out the names of the Red Hot Chili Peppers songs based on their initials
Classic:
Type in answers that appear in a list
Last Updated: Feb 24, 2017
Quiz Scoreboard
CHALLENGE
Sign Up to Join the Scoreboard
Show All
Scores
Hide
Comments
May contain spoilers
Recently Published
Two Season TV Shows II
by 123Four
Television
10m
Image Sorting: Flags VI
by Barbecue
Geography
2m
Find the 'City' Movie
by crazypaving
Movies
60s
More to Explore
Quiz From the Vault
Featured Blog Post
14 Easter Pick-up Lines to Find Eggs With
hide this ad
You Might Also Like...
Tags
Song Quiz
chili
hot
initial
Pepper
Red
Red Hot Chili Peppers
Today's Top Quizzes in Music
Browse Music
hide this ad
Today's Top Quizzes in Song
Browse Song
Top Contributed Quizzes in Music
1
5X2 Blitz: Bands II
2
5X2 Blitz: The Beatles
3
Taylor Swift All Songs (2024)
4
5X2 Blitz: Billboard
5
5X2 Blitz: Billboard II
6
5X2 Blitz: Album
7
5X2 Blitz: Singers
8
5X2 Blitz: Rock
9
Music Artist by Three 2010s hits
10
5X2 Blitz: Lyrics
Explore More
Trending Topics
Kpop
Crossword
Anime
Disney
Harry Potter
Marvel
NBA
The Office
Song
Pokémon
Country
Soccer
WWE
NFL
Puzzle
hide this ad
More By:
mschwa1118
Quiz
Plays
Rating
Category
Featured
Created
TV Show & Character Match
210,342
4.31
Television
Mar 29, 2012
The Office (US): Character Match
156,133
4.57
Television
Mar 29, 2012
Drawing a Blank Quiz
2,841
1.67
Just For Fun
May 16, 2011
Which songs are Billy Joel's? (Clickable)
2,465
4.50
Music
Mar 29, 2012
Guess the Red Hot Chili Peppers Lyrics
595
5.00
Music
May 8, 2013
Go to Creator's Profile
Score Distribution
Quiz Creator Spotlight
mschwa1118
Follow
Send a Message
Quizzes Created
-
Created Quiz Play Count
-
More By This Creator
Popular Quizzes Today
1
Find the US States - No Outlines Minefield
2
Colored Red Africa Blitz
3
Find the 'City' Movie
4
5x2 Blitz: Bands
5
The Countries of the World
6
Find the Countries of Europe - No Outlines Minefield
7
Find the US States
8
US States
More Music Quizzes
Composer by Choral Work
Curator's Pick
Trending Quizzes
Colored Red Europe Blitz I
Colored Red Africa Blitz II
Colored Red Europe Blitz II
Colored Red Europe Blitz III
Colored Red Africa Blitz III
Recently Updated
How Do You Spell That?
pecheneg
Godzilla Movies
pecheneg
Grab Bag: 4-10 Letters
pecheneg
2024 March Madness Bracket
pecheneg
Famous TV Couples
Peacemaker
Champions League XIs: Real Madrid
pecheneg
Largest US Cities 1790-2010
pecheneg
Rides in Walt Disney World
pecheneg
Most Oscar Losses (Acting)
pecheneg
Beyoncé Albums
pecheneg
Trending Topics
Crossword
Harry Potter
Kpop
Marvel
NBA
Anime
Disney
The Office
NFL
WWE
Soccer
Pokémon
Puzzle
Song
Country
Your Account Isn't Verified!
In order to create a playlist on Sporcle, you need to verify the email address you used during registration. Go to your
Sporcle Settings
to finish the process.
Report this User
Report this user for behavior that violates our
Community Guidelines
.
Details:
Send Report
Go to the Sporcle.com Mobile Site →
Comments